| 000 | 01134nam a2200301 a 4500 | ||
|---|---|---|---|
| 001 | 4382730 | ||
| 003 | ARRUPE | ||
| 005 | 20150225170618.0 | ||
| 008 | 910124s1989 it a b 000 0 ita | ||
| 010 | _a 91109033 | ||
| 020 | _cL30000 | ||
| 040 |
_aDLC _cDLC |
||
| 041 | 0 | _aitaeng | |
| 050 | 0 | 0 |
_aBJ57 _b.E86 1989 |
| 082 | 0 | 0 |
_a174/.95 _220 |
| 100 |
_aPera, Marcello (ed.) _915243 |
||
| 245 | 0 | 0 |
_aThe ethics of scientific knowledge = _bEtica della conoscenza scientifica / _c[contributi di Marcello Pera ... [et al.]. _hEtica della conoscenza scientifica = |
| 260 |
_aRoma : _bIstituto della Enciclopedia Italiana fondata da G. Treccani, _c1989. |
||
| 300 |
_a136 p. : _bill. ; _c24 cm. |
||
| 440 | 0 |
_aActa Encyclopaedica ; _v13 _915244 |
|
| 504 | _aIncludes bibliographical references. | ||
| 650 | 0 |
_aScience _xMoral and ethical aspects. _915245 |
|
| 700 | 1 |
_aPera, Marcello, _d1943- _914317 |
|
| 740 | 0 | _aEthics of scientific knowledge. | |
| 906 |
_a7 _bcbc _corignew _d2 _encip _f19 _gy-gencatlg |
||
| 942 |
_2lcc _cMONOGRAPH |
||
| 999 |
_c122083 _d122083 |
||